000 01701nam a2200313 a 4500
001 BRCA_5126
005 20190320204941.0
008 191110s1841----mx-######v---#000-0#spa-#
041 _aspa
044 _amx
084 _aDOC102A
_b.B63
_c1841
100 1 _aBocanegra, José María
_d1787-1862
_913080
245 1 0 _aDocumento firmado por Bocanegra
_cJosé María Bocanegra, Eduardo Goroztiza, Ignacio Valdivielso.
260 _aMéxico
_c1841
300 _a[1] foja
_c27 x 21 cm
500 _aDocumento firmado el 4 de diciembre de 1841
500 _aBocanegra escribe a Goroztiza comunicándole que por acuerdo del señor Presidente se le nombra Secretario de la Legación Mexicana en España en virtud de sus buenos servicios prestados en los cargos desempeñados. Sueldo
_3,000, igual comunicación se le dirige al encargado de Negocios en esa corte Señor Valdivielso
500 _aEl documento contiene la leyenda DOC. #264
500 _aAl margen: PUBLICA MEXICANA MINISTERIO DE RELACIONES EXTERIORES DE GOBERNACIÓN. PALACIO DE GOBIERNO NACIONAL. México 4 de diciembre de 1841.
500 _aEstado de conservación: contiene el margen derecho maltratado
506 0 _aFondo reservado: para su consulta es necesario credencial de usuario y carta de motivos
546 _aTexto en: español de mediados del siglo XIX
600 1 4 _aBocanegra, José María
_d1787-1862
_913080
650 1 4 _aRelaciones internacionales
_vImpreso con rúbricas
_xHistoria
_yFederalismo y centralismo, 1824-1853
_zMéxico
_913081
700 1 _aGoroztiza y Cepeda, Manuel María del Pilar Eduardo
_d1789-1851
_913082
700 1 _aValdivielso, Ignacio
_d1805-1861
_913083
902 _aFDH
942 _2lcc
_cD
999 _c4820
_d4820